Super Mario Galaxy Characters - Statistics

General Stats
  • This quiz has been taken 63 times
  • The average score is 10 of 11
Answer Stats
Picture Answer % Correct
Princess Peach
100%
Bowser
98%
Bowser Jr
98%
Luigi
98%
Mario
98%
Yoshi
96%
Princess Rosalina
91%
Toad
91%
Wario
91%
Princess Daisy
85%
Kamek
78%
No matching quizzes found
Score Distribution
Percent of People with Each Score
Percentile by Number Answered
Your Score History
You have not taken this quiz